书目信息 |
| 题名: |
TWT 7.0天正给排水设计软件使用手册
|
|
| 作者: | ;北京天正工程软件有限公司 编著 | |
| 分册: | ||
| 出版信息: | 北京 人民邮电出版社 2006.08 |
|
| 页数: | 291页 | |
| 开本: | 26cm | |
| 丛书名: | ||
| 单 册: | ||
| 中图分类: | TU991-39 | |
| 科图分类: | ||
| 主题词: | 给排水系统--gei pai shui xi tong--计算机辅助设计--应用软件 | |
| 电子资源: | ||
| ISBN: | 7-115-14983-6 | |
| 000 | 01008nam0 2200229 450 | |
| 001 | 012006460000 | |
| 005 | 20061204162723.60 | |
| 010 | @a7-115-14983-6@dCNY100.00 | |
| 100 | @a20061106d2006 km y0chiy0120 ea | |
| 101 | 0 | @achi |
| 102 | @aCN@b110000 | |
| 105 | @aa z 000yy | |
| 200 | 1 | @aTWT 7.0天正给排水设计软件使用手册@ATWT 7.0 tian zheng gei pai shui she ji ruan jian shi yong shou ce@f北京天正工程软件有限公司编著@Fbei jing tian zheng gong cheng ruan jian you xian gong si bian zhu |
| 210 | @a北京@c人民邮电出版社@d2006.08 | |
| 215 | @a291页@c图@d26cm | |
| 330 | @a本书系统地介绍了TWT 7.0的各项功能,全面讲解了TWT 7.0的使用方法和技巧。内容包括基础概念、给排水平面、系统图、水泵间、专业计算、室外绘图、文字与表格等。 | |
| 606 | 0 | @a给排水系统@Agei pai shui xi tong@x计算机辅助设计@x应用软件 |
| 610 | 0 | @aTWT |
| 690 | @aTU991-39@v4 | |
| 711 | 02 | @a北京天正工程软件有限公司@Abei jing tian zheng gong cheng ruan jian you xian gong si@4编著 |
| 801 | 0 | @aCN@c20061204 |
| 905 | @a10447@dTU991-39@eB615 | |
| TWT 7.0天正给排水设计软件使用手册/北京天正工程软件有限公司编著.-北京:人民邮电出版社,2006.08 |
| 291页:图;26cm |
| ISBN 7-115-14983-6:CNY100.00 |
| 本书系统地介绍了TWT 7.0的各项功能,全面讲解了TWT 7.0的使用方法和技巧。内容包括基础概念、给排水平面、系统图、水泵间、专业计算、室外绘图、文字与表格等。 |
| ● |
| 相关链接 |
|
|
|
正题名:TWT 7.0天正给排水设计软件使用手册
索取号:TU991-39/B615
 
预约/预借
| 序号 | 登录号 | 条形码 | 馆藏地/架位号 | 状态 | 备注 |
| 1 | 225717 | 202257173 | 建筑库201/ [索取号:TU991-39/B615] | 在馆 | |
| 2 | 225718 | 202257182 | 建筑库201/201建筑库 127排2列4层/ [索取号:TU991-39/B615] | 在馆 | |
| 3 | 225719 | 202257191 | 建筑库201/ [索取号:TU991-39/B615] | 在馆 |